| 000 | 02410nam a22003377i 4500 | ||
|---|---|---|---|
| 999 |
_c23409 _d23409 |
||
| 003 | AR-CdUCM | ||
| 008 | 251204b20232023pe ||||| |||| 00| 0 spa d | ||
| 020 | _a978-612-00-9072-5 | ||
| 040 |
_aMUNICIPALIDAD PROVINCIAL DEL CUSCO _cBIBLIOTECA MUNICIPAL DEL CUSCO |
||
| 041 | _hesp | ||
| 082 |
_a584.4/ _bO31 |
||
| 100 |
_aOchoa Estrada, Julio Gustavo _951642 |
||
| 110 |
_aBiblioteca Nacional del Perú _951643 |
||
| 245 |
_aLas Orquídeas de Machupicchu _b550/566 Especies - Conservación - Jardines Botánicos - Manejo |
||
| 300 |
_a258 paginas _c24 x 18 cm |
||
| 505 | _aCréditos-Contenido-Prólogo-Presentación-Reconocimientos y Agradecimientos-Dedicatoria-Introducción-Las Orquídeas-Organografía de las Orquídeas-Las Formas de Crecimiento de las Orquídeas en Machupicchu-Los 20 Sistemas Ecológicos Terrestres de Machupicchu(Mapa)-Las Orquídeas de Machupicchu-Antecedentes del Estudio de Orquídeas en Machupicchu-Las Orquídeas y su Conservación en el Perú-Las Orquídeas y su Conservación en Machupicchu- Las Especies de Orquídeas Endémicas de Perú y de Machupicchu-Manejo, Rescate y Recuperación de Orquídeas en Machupicchu: 1. La Ornamentación del "Camino Sagrado" de Machupicchu. 2. El Jardín Botánico de Machupicchu. 3. El Jardín Botánico de la Llaqta de Machupicchu-Presentación de las 350 Especies de Orquídeas de la Guía-Descripciones y Fotografías de 350 Especies de Orquídeas de la Guía-La Riqueza y Récord de Orquídeas de la Guía-Exposición de las 350 Especies de la Guía-La Gran Riqueza de Orquídeas del Santuario Histórico de Machupicchu-Catálogo y Lista Anotada de Registros Cronológicos de 566 Especies de Orquídeas del Santuario Histórico de Machupicchu-Biografía. | ||
| 650 |
_aLas Orquídeas _951644 |
||
| 650 |
_a Formas de crecimiento de las Orquídeas _951645 |
||
| 650 |
_a 20 Sistemas Ecológicos _951646 |
||
| 650 |
_a Orquídeas de Machupicchu _951647 |
||
| 650 |
_a _951648 |
||
| 650 |
_aSu conservación en el Perú _951649 |
||
| 650 |
_aSu conservación en Machupicchu _951650 |
||
| 650 |
_aOrquídeas endémicas _951651 |
||
| 650 |
_a350 especies de Orquídeas _951652 |
||
| 650 |
_aFotografías de 350 especies de Orquídeas _951653 |
||
| 650 |
_aRiqueza de Orquídeas de la guía _951654 |
||
| 650 |
_a566 especies de Orquídeas del santuario de Machupicchu _951655 |
||
| 942 |
_2ddc _cLIBROS |
||
| 945 |
_ajmcs _d4/12/2025 |
||